MARC

LEADER 00000nam0a2200000 4500
001 157300
005 20231101221944.0
035 |a (RuTPU)RU\TPU\book\170608 
035 |a RU\TPU\book\126284 
090 |a 157300 
100 |a 20090406d1972 m y0rusy50 ca 
101 0 |a rus 
102 |a RU 
105 |a a z 001ab 
200 1 |a Георгий Свиридов   |f А. Н. Сохор 
205 |a 2-е изд., доп. 
210 |a Москва  |c Советский композитор  |d 1972 
215 |a 317 с.  |c ил. 
320 |a Список произведений: с. 300-307 
320 |a Литература: с. 308-317 
600 1 |a Свиридов  |b Г. В.  |c русский композитор  |f 1915-1998  |g Георгий Васильевич  |2 stltpush  |3 (RuTPU)RU\TPU\pers\11085  |9 2460 
610 1 |a русская музыка 
610 1 |a советская музыка 
610 1 |a композиторы 
610 1 |a искусство 
675 |a 78  |v 3 
700 1 |a Сохор  |b А. Н.  |g Арнольд Наумович 
801 1 |a RU  |b 63413507  |c 20070524  |g PSBO 
801 2 |a RU  |b 63413507  |c 20090406  |g PSBO 
942 |c BK